Landshagir 1991 Statistical Abstract of Iceland

Uložené v:
Podrobná bibliografia
Médium: Kniha
Jazyk:English
Vydavateľské údaje: Reykjavík Hagstofa Íslands 1991
Tagy: Pridať tag
Žiadne tagy, Buďte prvý, kto otaguje tento záznam!

MARC

LEADER 00000nam a2200000 4500
001 c024012
005 20260327112833.3
041 0 |a eng 
044 |a IS 
245 1 0 |a Landshagir 1991  |b Statistical Abstract of Iceland 
264 1 |a Reykjavík  |b Hagstofa Íslands  |c 1991 
300 |a 262 s.